| 000 | 00668nam a2200193Ia 4500 | ||
|---|---|---|---|
| 999 |
_c14730 _d14730 |
||
| 082 | _aRV.0097 | ||
| 100 | _aVaish, Prerana | ||
| 245 | 0 |
_aHarnessing co-operative efforts for tribals in mineral sector of Rajasthan _b: |
|
| 260 |
_c1998 _bICSSR, New Delhi |
||
| 300 | _a42p. | ||
| 650 | _aMINERALS//MINES AND MINERAL RESOURCES | ||
| 650 | _aTRIBES AND TRIBALS - RAJASTHAN | ||
| 650 | _aCOOPERATION - RAJASTHAN | ||
| 650 | _aMINES AND MINERAL RESOURCES - RAJASTHAN | ||
| 650 | _aMINERAL RESOURCES//MINES AND MINERAL RESOURCES | ||
| 650 | _aSOCIETY, PRIMITIVE///TRIBES AND TRIBALS | ||
| 650 | _aNATURAL RESOURCES///MINES AND MINERAL RESOURCES | ||
| 942 |
_cRP _2ddc |
||